|
|
|
|
| LEADER |
00000cam a2200000 a 4500 |
| 001 |
vtls001121775 |
| 003 |
SK-MaSNL |
| 005 |
20260301222123.0 |
| 008 |
240226s1988 xo l frnp 000 0 slo |
| 015 |
|
|
|a SNBA1988/08
|
| 020 |
|
|
|q (viazané)
|
| 035 |
|
|
|a SNK000064618
|
| 035 |
|
|
|a E05FF447-36B9-4ED2-A50C-E2CE7251701E
|
| 035 |
|
|
|a urn:nbn:sk:snk-am00ijhr
|
| 040 |
|
|
|a SNK
|b slo
|c SNK
|e AACR2
|
| 041 |
0 |
|
|a slo
|
| 044 |
|
|
|a xo
|c SK
|
| 072 |
|
7 |
|a 37
|x Výchova a vzdelávanie
|2 konspekt
|
| 072 |
|
7 |
|a 37.016
|x Učebné osnovy. Vyučovacie predmety. Učebnice
|2 konspekt
|
| 080 |
|
|
|a 37.015.3(075.8)
|2 2001
|
| 080 |
|
|
|a 37.015.3
|2 2011
|
| 080 |
|
|
|a (075.8)
|2 2011
|
| 100 |
1 |
|
|a Ďurič, Ladislav,
|d 1928-2001
|4 aut
|9 108414
|
| 245 |
1 |
0 |
|a Pedagogická psychológia
|c Ladislav Ďurič, Ján Grác, Jozef Štefanovič
|
| 250 |
|
|
|a 1. vyd.
|
| 260 |
|
|
|a Bratislava
|b Slovenské pedagogické nakladateľstvo
|c 1988
|e Košice
|f Vychodoslovenské tlačiarne
|
| 300 |
|
|
|a 333 strán
|b tabuľky
|c 25 cm
|
| 366 |
|
|
|e 3800 výtl.
|
| 500 |
|
|
|a Rozložená titulná strana
|
| 504 |
|
|
|a Bibliografia na strane 326-333
|
| 650 |
0 |
7 |
|a pedagogická psychológia
|2 SNKPH
|9 58135
|
| 655 |
|
7 |
|a učebnice vysokých škôl
|2 SNKPH
|9 70191
|
| 700 |
1 |
|
|a Grác, Ján,
|d 1930-
|4 aut
|9 38241
|
| 700 |
1 |
|
|a Štefanovič, Jozef,
|d 1924-1995
|4 aut
|9 213034
|
| 852 |
|
|
|a Slovenská národná knižnica
|
| 954 |
|
|
|a odborná, vedecká literatúra pôvodná (slovenská)
|2 lita
|
| 958 |
|
|
|a OND
|
| 958 |
|
|
|a NB
|
| 958 |
|
|
|a TL
|
| 958 |
|
|
|a UV
|
| 999 |
|
|
|c 938743
|d 940673
|
| 952 |
|
|
|t P60, <04>, [BOOK], {604}
|a SNK
|b SNK
|y VYP
|7 0
|p 17A0482208
|o snkSC 72110 D1
|i snkKSP 5959/88
|0 0
|1 0
|4 0
|d 1996-09-19
|l 0
|r 2004-12-31 00:00:00
|w 2026-02-24
|
| 952 |
|
|
|a SNK
|b SNK
|y PREZ
|7 0
|p 17A0099498
|o snkSC 72110
|i snkKSP 5958/88
|0 0
|1 0
|4 0
|d 1997-10-01
|f 1
|l 0
|r 2025-07-25 00:00:00
|w 2026-02-24
|
| 952 |
|
|
|a SNK
|b SNK
|y VYP
|7 0
|p 17A0094424
|o snkSC 72110 D2
|i snkF 234/2004
|8 5
|0 0
|1 0
|4 0
|d 1997-10-02
|l 0
|r 2004-12-31 00:00:00
|w 2026-02-24
|